| 000 | 00922nam a22002177a 4500 | ||
|---|---|---|---|
| 999 |
_c13783 _d13783 |
||
| 003 | AR-CdUCM | ||
| 008 | 190416b ||||| |||| 00| 0 spa d | ||
| 040 |
_aMUNICIPALIDAD PROVINCIAL DEL CUSCO _cBIBLIOTECA MUNICIPAL DEL CUSCO |
||
| 082 |
_a030 / _bEN56 |
||
| 110 |
_aEspasa - Calpe _918256 |
||
| 245 |
_aEnciclopedia Universal Ilustrada : _bEuropeo - Americana (suplemento anual 1949-1952) / |
||
| 260 |
_aMadrid : _bEspasa-Calpe, _c1955. |
||
| 300 |
_a1564 páginas ; _bilustraciones, mapas, láminas, _c25 cm. |
||
| 505 | _aContenido: Actualidades científicas -- Agricultura y sus anexos -- Arqueología -- Aviación -- Biografía y necrología -- Cinematografía -- Congreso eucarístico ... | ||
| 650 |
_aEnciclopedia Universal _918257 |
||
| 700 |
_aAlarcia _932312 |
||
| 700 |
_aBalta, Elías _932338 |
||
| 700 |
_aGalofre, Bohigas ... (colaboradores) _932339 |
||
| 942 |
_2ddc _cLIBROS |
||
| 945 |
_aachl _d2019-04-16 |
||